Normal view
MARC view
Entry Topical Term
001 - CONTROL NUMBER
- control field: 9080
003 - CONTROL NUMBER IDENTIFIER
- control field: OSt
005 - DATE AND TIME OF LATEST TRANSACTION
- control field: 20220918110711.0
008 - FIXED-LENGTH DATA ELEMENTS
- fixed length control field: 220918|| aca||aabn | a|a d
040 ## - CATALOGING SOURCE
- Original cataloging agency: OSt
- Transcribing agency: OSt
150 ## - HEADING--TOPICAL TERM
- Topical term or geographic name entry element: हिन्दी भाषा; संस्कृत-शब्दकोश
670 ## - SOURCE DATA FOUND
- Source citation: Work cat.: (OSt)114134: मनोज, वि.आर. 9079, श्रीभट्टमल्लविरचिता आख्यातचन्दिªका, 2011
